<?xml version="1.0" encoding="UTF-8"?>
<record
    xmlns:xsi="http://www.w3.org/2001/XMLSchema-instance"
    xsi:schemaLocation="http://www.loc.gov/MARC21/slim http://www.loc.gov/standards/marcxml/schema/MARC21slim.xsd"
    xmlns="http://www.loc.gov/MARC21/slim">

  <leader>03171nam a2200421 a 4500</leader>
  <controlfield tag="001">ebr10132868</controlfield>
  <controlfield tag="003">CaPaEBR</controlfield>
  <controlfield tag="006">m        u        </controlfield>
  <controlfield tag="007">cr cn|||||||||</controlfield>
  <controlfield tag="008">040708s2003    qucab   sb    001 0 eng d</controlfield>
  <datafield tag="010" ind1=" " ind2=" ">
    <subfield code="z">  2004401056</subfield>
  </datafield>
  <datafield tag="016" ind1=" " ind2=" ">
    <subfield code="z">20029050138</subfield>
  </datafield>
  <datafield tag="020" ind1=" " ind2=" ">
    <subfield code="z">0773525157</subfield>
  </datafield>
  <datafield tag="040" ind1=" " ind2=" ">
    <subfield code="a">CaPaEBR</subfield>
    <subfield code="c">CaPaEBR</subfield>
  </datafield>
  <datafield tag="035" ind1=" " ind2=" ">
    <subfield code="a">(OCoLC)76898709</subfield>
  </datafield>
  <datafield tag="043" ind1=" " ind2=" ">
    <subfield code="a">as-----</subfield>
  </datafield>
  <datafield tag="050" ind1="1" ind2="4">
    <subfield code="a">HE884.6</subfield>
    <subfield code="b">.F74 2003eb</subfield>
  </datafield>
  <datafield tag="055" ind1="0" ind2="1">
    <subfield code="a">HC441</subfield>
  </datafield>
  <datafield tag="055" ind1=" " ind2="0">
    <subfield code="a">HC441</subfield>
    <subfield code="b">F74 2003</subfield>
  </datafield>
  <datafield tag="055" ind1="0" ind2="0">
    <subfield code="a">HC441</subfield>
    <subfield code="b">F74 2003</subfield>
  </datafield>
  <datafield tag="082" ind1="0" ind2="4">
    <subfield code="a">387.5/24/0916565</subfield>
    <subfield code="2">21</subfield>
  </datafield>
  <datafield tag="100" ind1="1" ind2=" ">
    <subfield code="a">Freeman, Donald B.</subfield>
  </datafield>
  <datafield tag="245" ind1="1" ind2="4">
    <subfield code="a">The Straits of Malacca</subfield>
    <subfield code="h">[electronic resource] :</subfield>
    <subfield code="b">gateway or gauntlet? /</subfield>
    <subfield code="c">Donald B. Freeman.</subfield>
  </datafield>
  <datafield tag="260" ind1=" " ind2=" ">
    <subfield code="a">Montreal :</subfield>
    <subfield code="b">McGill-Queen's University Press,</subfield>
    <subfield code="c">c2003.</subfield>
  </datafield>
  <datafield tag="300" ind1=" " ind2=" ">
    <subfield code="a">xxiv, 249 p. :</subfield>
    <subfield code="b">ill., maps.</subfield>
  </datafield>
  <datafield tag="504" ind1=" " ind2=" ">
    <subfield code="a">Includes bibliographical references (p. [253]-244) and index.</subfield>
  </datafield>
  <datafield tag="505" ind1="0" ind2=" ">
    <subfield code="a">The geographic importance of the Straits of Malacca -- Monsoonal circulation and revolutions in shipping and navigation -- Economic-geographic concepts of long-distance trade, spatial duopoly, and network structures -- Concepts and perspectives from political economy -- Practical incentives and the organization of early long-distance trade -- Asian-European trading systems in the Greco-Roman era : the beginnings of monsoon trade -- Monsoon trade in the early fifteenth century : the Empire of Melaka (Malacca) and its precursors -- The Portuguese trading system in monsoon Asia -- The Dutch trading system and Hollands' ascendancy in the Straits of Malacca -- The British East India Company trading system -- Contemporary trading systems : Japan, oil, and the Straits of Malacca -- Controlling transit trade : the entrepot of Melaka -- The founding of British Penang (Pulau Pinang) -- The rise of Singapore as a global entrepot -- Changing local hinterlands and products in the straits region : Sumatran trade -- Local trader hinterlands and products on the Malay coast of the straits -- Natural hazards and navigation in the Straits of Malacca and Singapore -- Piracy in the Straits of Malacca and surrounding seas -- Twentieth-century military conflicts in the straits area -- Traffic congestion, hazardous cargoes, and pollution in the straits in the contemporary period -- Twenty-first-century trade and globalization : the Asia-Pacific region -- Emerging roles of the straits in global and regional commerce -- Conclusion.</subfield>
  </datafield>
  <datafield tag="533" ind1=" " ind2=" ">
    <subfield code="a">Electronic reproduction.</subfield>
    <subfield code="b">Palo Alto, Calif. :</subfield>
    <subfield code="c">ebrary,</subfield>
    <subfield code="d">2013.</subfield>
    <subfield code="n">Available via World Wide Web.</subfield>
    <subfield code="n">Access may be limited to ebrary affiliated libraries.</subfield>
  </datafield>
  <datafield tag="650" ind1=" " ind2="0">
    <subfield code="a">Coastwise shipping</subfield>
    <subfield code="z">Malacca, Strait of</subfield>
    <subfield code="x">History.</subfield>
  </datafield>
  <datafield tag="650" ind1=" " ind2="0">
    <subfield code="a">Trade routes</subfield>
    <subfield code="z">Malacca, Strait of.</subfield>
  </datafield>
  <datafield tag="650" ind1=" " ind2="6">
    <subfield code="a">Transports maritimes c&#xFFFD;otiers</subfield>
    <subfield code="z">Malacca, D&#xFFFD;etroit de</subfield>
    <subfield code="x">Histoire.</subfield>
  </datafield>
  <datafield tag="650" ind1=" " ind2="6">
    <subfield code="a">Routes commerciales</subfield>
    <subfield code="z">Malacca, D&#xFFFD;etroit de.</subfield>
  </datafield>
  <datafield tag="650" ind1=" " ind2="6">
    <subfield code="a">Malacca, D&#xFFFD;etroit de</subfield>
    <subfield code="x">Commerce</subfield>
    <subfield code="x">Histoire.</subfield>
  </datafield>
  <datafield tag="651" ind1=" " ind2="0">
    <subfield code="a">Malacca, Strait of</subfield>
    <subfield code="x">Commerce</subfield>
    <subfield code="x">History.</subfield>
  </datafield>
  <datafield tag="655" ind1=" " ind2="7">
    <subfield code="a">Electronic books.</subfield>
    <subfield code="2">local</subfield>
  </datafield>
  <datafield tag="710" ind1="2" ind2=" ">
    <subfield code="a">ebrary, Inc.</subfield>
  </datafield>
  <datafield tag="856" ind1="4" ind2="0">
    <subfield code="u">http://site.ebrary.com/lib/rucke/Doc?id=10132868</subfield>
    <subfield code="z">An electronic book accessible through the World Wide Web; click to view</subfield>
  </datafield>
  <datafield tag="999" ind1=" " ind2=" ">
    <subfield code="c">79123</subfield>
    <subfield code="d">79123</subfield>
  </datafield>
</record>
